000
00323 a2200157 4500
001
186118
020
_a
019-423235-2
040
_c
Magnum
100
_a
Lindop, Christine
240
1
0
_a
Sally´s phone
_l
ING
245
1
0
_a
Sally´s phone
300
_a
30
362
0
_a
2003
697
_a
LITERATURA INGLESA
942
_c
BK
999
_c
186118
_d
186118